| 000 | 00000nam 2200000za 4500 |
| 001 | 9.632887 |
| 003 | CaOODSP |
| 005 | 20210624215040 |
| 007 | cr ||||||||||| |
| 008 | 150407s1998 onc|||||o f|0| 0 fre d |
| 040 | |aCaOODSP|bfre |
| 043 | |an-cn--- |
| 086 | 1 |aSW21-22/1998F-PDF |
| 110 | 1 |aCanada. |bCondition féminine Canada. |
| 245 | 10|aÀ la recherche de données sur les femmes |h[ressource électronique] : |bles principales sources à Statistique Canada / |c[par] Marcia Almey. |
| 260 | |aOttawa : |bCondition féminine Canada, |c1998. |
| 300 | |a140 p. : |bglossaire. |
| 500 | |aLe n° de catalogue et ISBN de l'édition imprimée 1998 à été imprimé dans cette édition électronique. |
| 520 | 3 |aCe guide se veut un outil de référence pour toute personne appelée à utiliser des données, qu'il s'agisse de simple particulier ou de personnes qui font de la recherche-action, d'analystes de politiques ou d'analystes de régressions chevronnés. Le guide indique comment trouver les principales enquêtes, les articles analytiques, les publications et les autres sources de données de Statistique Canada.--Page v. |
| 546 | |aBilingue |
| 590 | |a06-10-Supp|b2006-12-15 |
| 691 | 07|aInformation|2gcpds |
| 691 | 07|aFemme|2gcpds |
| 691 | 07|aStatistiques|2gcpds |
| 720 | 1 |aAlmey, Marcia |
| 775 | 08|tFinding data on women |w(CaOODSP)9.688462 |
| 776 | 0#|tA la recherche de données sur les femmes : |w(CaOODSP)9.680368 |
| 794 | |tÀ la recherche de données sur les femmes |w(CaOODSP)9.633699 |
| 856 | 40|ahttp://publications.gc.ca|qPDF|s685 Ko|uhttps://publications.gc.ca/collections/Collection/SW21-22-1998F.pdf |